We prepare and preach: (Record no. 11536)

000 -LEADER
fixed length control field 00696nam a2200193 a 4500
001 - CONTROL NUMBER
control field :::00009335$&:&@@
003 - CONTROL NUMBER IDENTIFIER
control field OkBaRHE
005 - DATE AND TIME OF LATEST TRANSACTION
control field 20000607103350.0
008 - FIXED-LENGTH DATA ELEMENTS--GENERAL INFORMATION
fixed length control field s1959 j 000 0 eng u
040 ## - CATALOGING SOURCE
Transcribing agency
100 1# - MAIN ENTRY--PERSONAL NAME
Personal name Roddy, Clarence Stonelynn.
245 10 - TITLE STATEMENT
Title We prepare and preach:
Remainder of title the practice of sermon construction and delivery.
260 ## - PUBLICATION, DISTRIBUTION, ETC. (IMPRINT)
Place of publication, distribution, etc Chicago, IL., :
Name of publisher, distributor, etc Moody Press
Date of publication, distribution, etc 1959
300 ## - PHYSICAL DESCRIPTION
Extent 190 p. ;
Dimensions 21 cm.
650 ## - SUBJECT ADDED ENTRY--TOPICAL TERM
Topical term or geographic name as entry element Preaching Sermon Preparation
942 ## - ADDED ENTRY ELEMENTS (KOHA)
Source of classification or shelving scheme
Koha item type Books
Copies
Lost status Withdrawn status Date last seen Barcode Date acquired Koha item type Damaged status Shelving location Permanent Location Copy number Not for loan Price effective from Source of classification or shelving scheme Full call number
  2010-04-1493352010-04-14Books General StacksRHEMA Bible Training College1 2010-04-14 BV 4211 .R6
  2010-04-14161202010-04-14Books General StacksRHEMA Bible Training College2 2010-04-14 BV 4211 .R6